000 00657nam a22002057a 4500
005 20240927155849.0
010 _aENG-141612
020 _c200.00
_a9789391706821
035 _aEN-125144
037 _bDBAD
082 _a709.59
_21
245 _aAppreciation of Indian Arts:
_bselected writings
250 _a1
260 _aKolkata
_bThe Ramakrishna Mission Institute Of Culture
_c2024
270 _bKolkata
_aThe Ramakrishna Mission Institute Of Culture Gol Park, Kolkata India
_e700029
_mrmicsale@gmail.com
300 _a277p.
_c21cm(pb)
490 _vVol 2
500 _aSelected Writings
942 _2ddc
_cEN
_h709.59
_mAPP
_e1
999 _c205513
_d205513